[Event "Xtracon Open 2019"]
[Site "Helsingor"]
[Date "2019.07.23"]
[Round "5.6"]
[White "Vocaturo, Daniele"]
[Black "Percivaldi, Martin"]
[Result "1-0"]
[WhiteElo "2612"]
[BlackElo "2379"]
[Annotator "ChessBase"]
[PlyCount "123"]
[EventDate "2019.07.19"]
[EventType "swiss"]
[EventCountry "DEN"]
[SourceTitle "playchess.com"]
[Source "ChessBase"]
[SourceQuality "1"]

1. e4 e5 2. Nf3 Nc6 3. Bb5 a6 4. Ba4 Nf6 5. O-O Be7 6. Re1 b5 7. Bb3 d6 8. c3 O-O 9. d4 Bg4 10. d5 Na5 11. Bc2 c5 12. h3 Bd7 13. Nbd2 g6 14. Nf1 Nh5 15. Bh6 Ng7 16. g4 Nb7 17. Ng3 f6 18. Kh2 Kh8 19. Rg1 Rg8 20. Qd2 Qe8 21. Rg2 Nd8 22. Rag1 Nf7 23. Be3 c4 24. Qe2 Rb8 25. Nd2 Bd8 26. h4 Bb6 27. h5 g5 28. Ngf1 Qe7 29. Bxb6 Rxb6 30. Ne3 Rc8 31. Ra1 h6 32. Rgg1 Nd8 33. a4 Be8 34. Ra2 Kg8 35. Rga1 Qc7 36. axb5 axb5 37. Qf3 Kf7 38. Ndf1 Bd7 39. Ng3 Rcb8 40. Bd1 R6b7 41. Nc2 Rb6 42. Nb4 Qc8 43. Be2 Ke7 44. Nf1 R8b7 45. Ne3 Rb8 46. Bd1 Kf7 47. Bc2 Ke7 48. b3 cxb3 49. Bxb3 R8b7 50. Nc6+ Nxc6 51. dxc6 Bxc6 52. Nd5+ Bxd5 53. Bxd5 Rd7 54. Ra8 Rb8 55. Rxb8 Qxb8 56. Ra8 Qb6 57. Rg8 Ne8 58. Kg2 b4 59. cxb4 Qxb4 60. Qf5 Kd8 61. Qxf6+ Re7 62. Bc6 1-0

[Event "Xtracon Open 2019"]
[Site "Helsingor"]
[Date "2019.07.23"]
[Round "5.6"]
[White "Rasmussen, Allan Stig"]
[Black "Ronka, Erik"]
[Result "1-0"]
[WhiteElo "2569"]
[BlackElo "2289"]
[Annotator "ChessBase"]
[PlyCount "171"]
[EventDate "2019.07.19"]
[EventType "swiss"]
[EventCountry "DEN"]
[SourceTitle "playchess.com"]
[Source "ChessBase"]
[SourceQuality "1"]

1. c4 c6 2. Nf3 d5 3. b3 Nf6 4. Bb2 Bg4 5. e3 Nbd7 6. h3 Bh5 7. d4 e6 8. Nbd2 Bd6 9. Bd3 O-O 10. Qc2 Qb8 11. c5 Bc7 12. Ng5 Bg6 13. Bxg6 hxg6 14. f4 b6 15. cxb6 Bxb6 16. O-O c5 17. Qd3 a5 18. a4 Qa7 19. Ndf3 Rab8 20. Ne5 Qb7 21. Rab1 cxd4 22. exd4 Nxe5 23. fxe5 Ne4 24. h4 Bd8 25. Ba3 Be7 26. Bxe7 Qxe7 27. Nxe4 dxe4 28. Qxe4 Rb4 29. Qg4 Qa7 30. Rf4 Rd8 31. Rd1 Qb6 32. Kh2 Rd7 33. h5 gxh5 34. Qxh5 g6 35. Qh4 Qd8 36. Rd3 Qxh4+ 37. Rxh4 Rdb7 38. Rdh3 Kf8 39. Rc3 Rxb3 40. Rh8+ Ke7 41. Rcc8 R3b4 42. Rcd8 f5 43. Rd6 Kf7 44. Rh7+ Kg8 45. Rxb7 Rxb7 46. Rxe6 Kf7 47. Ra6 Rb4 48. d5 Rxa4 49. Ra7+ Ke8 50. d6 Re4 51. Rxa5 g5 52. Kg3 Kd7 53. Ra7+ Kd8 54. Re7 Re1 55. Kf3 Re4 56. Kf2 Kc8 57. e6 Kd8 58. Kf3 Re1 59. g3 Re5 60. Rg7 g4+ 61. Kf4 Rxe6 62. d7 Re4+ 63. Kxf5 Ra4 64. Rxg4 Ra5+ 65. Ke6 Ra6+ 66. Kf7 Ra3 67. Rg7 Kxd7 68. Kf6+ Ke8 69. Rg8+ Kd7 70. g4 Rf3+ 71. Kg6 Ke7 72. g5 Rg3 73. Ra8 Rg1 74. Rg8 Rg3 75. Kh7 Kf7 76. g6+ Kf6 77. Rf8+ Ke7 78. g7 Rh3+ 79. Kg8 Rh1 80. Rf7+ Ke8 81. Rf4 Rh2 82. Re4+ Kd7 83. Kf7 Rf2+ 84. Kg6 Rg2+ 85. Kf6 Kd8 86. Re5 1-0

[Event "Xtracon Open 2019"]
[Site "Helsingor"]
[Date "2019.07.23"]
[Round "5.6"]
[White "Christensen, Lasse"]
[Black "Heinsohn, Michael"]
[Result "1-0"]
[WhiteElo "2158"]
[BlackElo "1959"]
[Annotator "NA"]
[PlyCount "87"]
[EventDate "2019.07.19"]
[EventType "swiss"]
[EventCountry "DEN"]
[SourceTitle "playchess.com"]
[Source "ChessBase"]
[SourceQuality "1"]

1. d4 Nf6 2. c4 g6 3. Nc3 d5 4. Bg5 Ne4 5. Bh4 Nxc3 6. bxc3 Bg7 7. e3 O-O 8. Nf3 Re8 9. Qb3 c6 10. Be2 Qa5 11. O-O Nd7 12. cxd5 cxd5 13. c4 dxc4 14. Bxc4 e6 15. Rfc1 a6 16. Be2 b5 17. a4 b4 18. Bg3 Ra7 19. Nd2 e5 20. Bc4 Nb6 21. Bxf7+ Rxf7 22. Rc5 Be6 23. Qd1 Nc4 24. Nxc4 Qxc5 25. dxc5 Bxc4 26. a5 Rc8 27. Qa4 Rb7 28. Rb1 Rxc5 29. Rxb4 Bb5 30. Qa2+ Kh8 31. h4 Rbc7 32. Qe6 Rc8 33. Kh2 R5c6 34. Qd5 Rc5 35. Qd6 R5c6 36. Qd5 Rc5 37. Qb7 R5c7 38. Qe4 Rc5 39. h5 gxh5 40. Qf5 Be8 41. Rb7 Bg6 42. Qd7 Rg8 43. Bh4 e4 44. Qxg7+ 1-0

[Event "Xtracon Open 2019"]
[Site "Helsingor"]
[Date "2019.07.23"]
[Round "5.6"]
[White "Crevatin, Leo"]
[Black "Kucuksari, Kaan"]
[Result "1-0"]
[WhiteElo "2146"]
[BlackElo "2310"]
[Annotator "NA"]
[PlyCount "63"]
[EventDate "2019.07.19"]
[EventType "swiss"]
[EventCountry "DEN"]
[SourceTitle "playchess.com"]
[Source "ChessBase"]
[SourceQuality "1"]

1. d4 f5 2. Bg5 h6 3. Bh4 g5 4. e3 Nf6 5. Bg3 d6 6. Nc3 Be6 7. h4 g4 8. Bd3 Qd7 9. Nge2 c6 10. e4 d5 11. exf5 Bxf5 12. Be5 Bg7 13. Ng3 Be6 14. Bg6+ Kd8 15. Qe2 Qc8 16. O-O-O Rf8 17. Bxb8 Rxb8 18. Rhe1 Ne4 19. Ngxe4 dxe4 20. Qxe4 Rxf2 21. d5 Bxc3 22. dxe6+ Bd2+ 23. Rxd2+ Rxd2 24. Kxd2 Kc7 25. Qf4+ Kb6 26. Qb4+ Ka6 27. Bd3+ b5 28. Qa3+ Kb6 29. Qxe7 Qh8 30. Kc1 Qd4 31. Qf7 Qb4 32. Qf2+ 1-0

[Event "Xtracon Open 2019"]
[Site "Helsingor"]
[Date "2019.07.23"]
[Round "5.6"]
[White "Sorensen, Bernhard W."]
[Black "Hansen, Aksel"]
[Result "1-0"]
[WhiteElo "1567"]
[BlackElo "1790"]
[Annotator "NA"]
[PlyCount "54"]
[EventDate "2019.07.19"]
[EventType "swiss"]
[EventCountry "DEN"]
[SourceTitle "playchess.com"]
[Source "ChessBase"]
[SourceQuality "1"]

1. d4 d5 2. Bf4 Nf6 3. e3 g6 4. Nd2 Bg7 5. Be2 O-O 6. Ngf3 c5 7. c3 cxd4 8. exd4 Nc6 9. O-O Bg4 10. Re1 Qd7 11. Bb5 Rfe8 12. Qc2 Rac8 13. Ne5 Qf5 14. Qxf5 Bxf5 15. h3 a6 16. Bf1 b5 17. Ndf3 Nxe5 18. Bxe5 h6 19. Re3 Bd7 20. Rae1 e6 21. a3 Rc6 22. Bd3 Rec8 23. Bh2 Rb6 24. Ne5 Bf8 25. Rf3 Kg7 26. Rxf6 Kg8 27. Rf3 Be7 1-0

[Event "Xtracon Open 2019"]
[Site "Helsingor"]
[Date "2019.07.23"]
[Round "5.7"]
[White "Hammer, Jon Ludvig"]
[Black "Tomilova, Elena"]
[Result "1-0"]
[WhiteElo "2637"]
[BlackElo "2281"]
[Annotator "ChessBase"]
[PlyCount "77"]
[EventDate "2019.07.19"]
[EventType "swiss"]
[EventCountry "DEN"]
[SourceTitle "playchess.com"]
[Source "ChessBase"]
[SourceQuality "1"]

1. d4 d5 2. c4 c6 3. Nf3 Nf6 4. Nc3 e6 5. Bg5 h6 6. Bxf6 Qxf6 7. e3 g6 8. Be2 Bg7 9. O-O O-O 10. Ne5 Qd8 11. f4 b6 12. cxd5 exd5 13. b4 Bb7 14. b5 cxb5 15. Bxb5 a6 16. Ba4 b5 17. Bb3 b4 18. Na4 Nd7 19. Rc1 Rc8 20. Qf3 Nf6 21. Nc5 Qe7 22. Rc2 a5 23. Qe2 Ra8 24. g4 Kh7 25. Rfc1 Bc8 26. h3 Be6 27. f5 gxf5 28. Nxe6 fxe6 29. Rc7 Qd8 30. gxf5 Ne8 31. Rd7 Qh4 32. Qg2 a4 33. Bc2 exf5 34. Ng6 Qf6 35. Nxf8+ Qxf8 36. Rf1 Kh8 37. Rxf5 Nf6 38. Qg6 Qg8 39. Rxf6 1-0

[Event "Xtracon Open 2019"]
[Site "Helsingor"]
[Date "2019.07.23"]
[Round "5.7"]
[White "Berg, Klaus"]
[Black "Schrodt, Sebastian"]
[Result "1-0"]
[WhiteElo "2295"]
[BlackElo "2002"]
[Annotator "NA"]
[PlyCount "79"]
[EventDate "2019.07.19"]
[EventType "swiss"]
[EventCountry "DEN"]
[SourceTitle "playchess.com"]
[Source "ChessBase"]
[SourceQuality "1"]

1. Nf3 Nf6 2. c4 c5 3. Nc3 Nc6 4. e3 g6 5. d4 cxd4 6. exd4 d5 7. cxd5 Nxd5 8. Qb3 Nxc3 9. Bc4 Nd5 10. Bxd5 e6 11. Bxc6+ bxc6 12. O-O Bg7 13. Qa3 Qe7 14. Qxe7+ Kxe7 15. Bg5+ f6 16. Bd2 Rb8 17. b3 Ba6 18. Rfe1 Rhd8 19. Rac1 Rbc8 20. Bb4+ Kf7 21. Bc5 Rd7 22. h4 h6 23. Nd2 h5 24. Ne4 Rcd8 25. Ba3 Rxd4 26. Rxc6 Rd1 27. Rxd1 Rxd1+ 28. Kh2 Bd3 29. Nd6+ Kg8 30. Rc8+ Kh7 31. Rc7 Kh8 32. Ne8 Bh6 33. Kg3 e5 34. Nxf6 Bf4+ 35. Kf3 g5 36. Rc8+ Kg7 37. Nxh5+ Kg6 38. Rc6+ Kxh5 39. g4+ Kxh4 40. Rh6# 1-0

[Event "Xtracon Open 2019"]
[Site "Helsingor"]
[Date "2019.07.23"]
[Round "5.7"]
[White "Jarlnaes, Erik"]
[Black "Fossan, Aleksander"]
[Result "0-1"]
[WhiteElo "1959"]
[BlackElo "2155"]
[Annotator "NA"]
[PlyCount "43"]
[EventDate "2019.07.19"]
[EventType "swiss"]
[EventCountry "DEN"]
[SourceTitle "playchess.com"]
[Source "ChessBase"]
[SourceQuality "1"]

1. e4 c5 2. Nf3 Nc6 3. d4 cxd4 4. Nxd4 g6 5. Nc3 Bg7 6. Be3 Nf6 7. f3 O-O 8. Qd2 d5 9. O-O-O Nxd4 10. Bxd4 dxe4 11. fxe4 Qa5 12. Be2 Be6 13. e5 Nd7 14. Bb5 Nxe5 15. Rde1 Rfd8 16. Re4 Ng4 17. Qe2 Rxd4 18. Rxe6 fxe6 19. Qxe6+ Kh8 20. Rf1 Qb4 21. a3 Qd6 22. Qe2 0-1

[Event "Xtracon Open 2019"]
[Site "Helsingor"]
[Date "2019.07.23"]
[Round "5.7"]
[White "Jannik, Morten Emil"]
[Black "Nielsen, Pia"]
[Result "1-0"]
[WhiteElo "1561"]
[BlackElo "1365"]
[Annotator "NA"]
[PlyCount "73"]
[EventDate "2019.07.19"]
[EventType "swiss"]
[EventCountry "DEN"]
[SourceTitle "playchess.com"]
[Source "ChessBase"]
[SourceQuality "1"]

1. e4 c5 2. d4 e6 3. c3 Nf6 4. e5 Nd5 5. Nf3 Be7 6. Bd3 d6 7. O-O h6 8. Be3 Nd7 9. Qd2 Nxe3 10. Qxe3 d5 11. Nbd2 c4 12. Bc2 O-O 13. b3 b5 14. a4 cxb3 15. Bxb3 bxa4 16. Rxa4 Nb6 17. Raa1 f5 18. exf6 Bxf6 19. Ne5 Qd6 20. f4 Re8 21. c4 Qc7 22. c5 Nd7 23. Ng4 Bd8 24. Bxd5 Rb8 25. Bc4 Nf8 26. Ne5 Bb7 27. Rxa7 Qc8 28. Ne4 Bxe4 29. Qxe4 Re7 30. Rxe7 Bxe7 31. Nc6 Kf7 32. Nxb8 Qxb8 33. f5 Ke8 34. fxe6 Qb4 35. Qc6+ Kd8 36. Rxf8+ Bxf8 37. Qd7# 1-0

[Event "Xtracon Open 2019"]
[Site "Helsingor"]
[Date "2019.07.23"]
[Round "5.8"]
[White "Svane, Rasmus"]
[Black "Holm, Kristian Stuvik"]
[Result "1/2-1/2"]
[WhiteElo "2615"]
[BlackElo "2469"]
[Annotator "ChessBase"]
[PlyCount "77"]
[EventDate "2019.07.19"]
[EventType "swiss"]
[EventCountry "DEN"]
[SourceTitle "playchess.com"]
[Source "ChessBase"]
[SourceQuality "1"]

1. d4 Nf6 2. c4 g6 3. Nc3 d5 4. cxd5 Nxd5 5. e4 Nxc3 6. bxc3 Bg7 7. Bc4 c5 8. Ne2 Nc6 9. Be3 O-O 10. O-O Bg4 11. f3 Bd7 12. Rb1 Qc7 13. Qd2 Rad8 14. Rfc1 Bc8 15. h4 b6 16. h5 Na5 17. Bd3 e5 18. h6 Bh8 19. Bg5 f6 20. Be3 Be6 21. d5 Bc8 22. Qe1 Nb7 23. Qg3 Nd6 24. f4 f5 25. fxe5 Nxe4 26. Bxe4 Bxe5 27. d6 Qxd6 28. Bf4 Bxf4 29. Bd5+ Qxd5 30. Nxf4 Qf7 31. Rd1 Bb7 32. Rxd8 Rxd8 33. Re1 Be4 34. Nh3 Qd5 35. Ng5 Qd6 36. Qh4 Re8 37. Qf2 Qe7 38. Qd2 Rd8 39. Qf4 1/2-1/2

[Event "Xtracon Open 2019"]
[Site "Helsingor"]
[Date "2019.07.23"]
[Round "5.8"]
[White "Hjartarson, Johann"]
[Black "Soraas, Torben"]
[Result "1-0"]
[WhiteElo "2513"]
[BlackElo "2266"]
[Annotator "ChessBase"]
[PlyCount "65"]
[EventDate "2019.07.19"]
[EventType "swiss"]
[EventCountry "DEN"]
[SourceTitle "playchess.com"]
[Source "ChessBase"]
[SourceQuality "1"]

1. e4 e6 2. d4 d5 3. e5 c5 4. c3 Nc6 5. Nf3 f5 6. Be2 cxd4 7. cxd4 Bb4+ 8. Kf1 Nge7 9. a3 Ba5 10. b4 Bb6 11. Nc3 Bd7 12. Bb2 O-O 13. Na4 a6 14. Nc5 Bxc5 15. dxc5 Qc7 16. Qd2 Rad8 17. Bd3 h6 18. h4 Ng6 19. h5 Nge7 20. Rh4 Kh8 21. Kg1 Be8 22. Rc1 f4 23. a4 Nf5 24. Rxf4 Bxh5 25. g4 g5 26. Rxf5 exf5 27. gxh5 Ne7 28. e6+ Kh7 29. Be5 Qc6 30. Nd4 Qxa4 31. Bd6 Qe8 32. Bxe7 Qxe7 33. Nxf5 1-0

[Event "Xtracon Open 2019"]
[Site "Helsingor"]
[Date "2019.07.23"]
[Round "5.8"]
[White "Bach, Matthias"]
[Black "Bronnum, Jan"]
[Result "1-0"]
[WhiteElo "2241"]
[BlackElo "2046"]
[Annotator "NA"]
[PlyCount "51"]
[EventDate "2019.07.19"]
[EventType "swiss"]
[EventCountry "DEN"]
[SourceTitle "playchess.com"]
[Source "ChessBase"]
[SourceQuality "1"]

1. c4 c5 2. Nc3 Nf6 3. g3 d5 4. cxd5 Nxd5 5. Bg2 Nc7 6. d3 e5 7. Be3 Be7 8. Rc1 Ne6 9. Nf3 Nc6 10. Ne4 f5 11. Nxc5 Nxc5 12. Bxc5 Be6 13. O-O O-O 14. b3 Bd5 15. Qd2 Rc8 16. Qb2 Bxc5 17. Rxc5 Qd6 18. Rfc1 Rce8 19. e4 fxe4 20. Ng5 b6 21. Rxd5 Qxd5 22. Bxe4 Qd4 23. Bxh7+ Kh8 24. Qe2 Rf6 25. Bg6 Ree6 26. Nxe6 1-0

[Event "Xtracon Open 2019"]
[Site "Helsingor"]
[Date "2019.07.23"]
[Round "5.8"]
[White "Stray, Gunnar"]
[Black "Buchenau, Frank"]
[Result "0-1"]
[WhiteElo "1996"]
[BlackElo "2294"]
[Annotator "NA"]
[PlyCount "107"]
[EventDate "2019.07.19"]
[EventType "swiss"]
[EventCountry "DEN"]
[SourceTitle "playchess.com"]
[Source "ChessBase"]
[SourceQuality "1"]

1. d4 e6 2. Nf3 Nf6 3. e3 b6 4. Bd3 Bb7 5. Nbd2 c5 6. O-O Nc6 7. b3 g6 8. a3 Bg7 9. Bb2 O-O 10. Qe2 Qc7 11. Rab1 cxd4 12. Nxd4 Nxd4 13. exd4 Nd5 14. g3 Nc3 15. Bxc3 Qxc3 16. Be4 d5 17. Bd3 Bxd4 18. Nf3 Bg7 19. Ne1 e5 20. Ba6 Bxa6 21. Qxa6 e4 22. Rd1 d4 23. Qe2 Rfe8 24. f3 f5 25. Qd2 Qxd2 26. Rxd2 Rac8 27. Re2 Bf8 28. fxe4 Rxe4 29. Rd2 Bxa3 30. Nd3 Bf8 31. Ra1 Bh6 32. Rg2 a5 33. Kf1 Kf7 34. b4 Ra8 35. Ra4 Be3 36. Ke2 Ree8 37. Kf3 b5 38. Rxa5 Rxa5 39. bxa5 Ra8 40. c3 Rxa5 41. cxd4 Bxd4 42. Rc2 Ke6 43. Nf4+ Kd6 44. Rd2 Ra3+ 45. Kg2 Ke5 46. Ne2 Ra4 47. Nf4 b4 48. Nd3+ Ke4 49. Nc1 Be3 50. Re2 Ra1 51. Nb3 Rg1+ 52. Kh3 g5 53. Rb2 f4 54. g4 0-1

[Event "Xtracon Open 2019"]
[Site "Helsingor"]
[Date "2019.07.23"]
[Round "5.8"]
[White "Tolba, Henri"]
[Black "Laustsen, Lars"]
[Result "0-1"]
[WhiteElo "1752"]
[BlackElo "2137"]
[Annotator "NA"]
[PlyCount "56"]
[EventDate "2019.07.19"]
[EventType "swiss"]
[EventCountry "DEN"]
[SourceTitle "playchess.com"]
[Source "ChessBase"]
[SourceQuality "1"]

1. d4 d5 2. Nf3 Nf6 3. Bf4 c5 4. e3 Nc6 5. c3 Qb6 6. Qb3 c4 7. Qxb6 axb6 8. h3 Bf5 9. Nbd2 h6 10. g4 Bg6 11. Ne5 Nxe5 12. dxe5 Nd7 13. Bg2 e6 14. O-O Bd3 15. Rfe1 g5 16. Bg3 Nc5 17. b3 b5 18. f3 Bc2 19. Bf1 Be7 20. Rec1 Bg6 21. Re1 Nd3 22. Bxd3 Bxd3 23. f4 Ba3 24. e4 Bb2 25. exd5 exd5 26. f5 Bxc3 27. Nf3 Bxa1 28. Rxa1 cxb3 0-1

[Event "Xtracon Open 2019"]
[Site "Helsingor"]
[Date "2019.07.23"]
[Round "5.9"]
[White "Jepson, Christian"]
[Black "Andersen, Mads"]
[Result "1/2-1/2"]
[WhiteElo "2391"]
[BlackElo "2605"]
[Annotator "ChessBase"]
[PlyCount "71"]
[EventDate "2019.07.19"]
[EventType "swiss"]
[EventCountry "DEN"]
[SourceTitle "playchess.com"]
[Source "ChessBase"]
[SourceQuality "1"]

1. Nf3 Nf6 2. c4 g6 3. Nc3 Bg7 4. e4 d6 5. d4 O-O 6. Be2 e5 7. d5 a5 8. Bg5 h6 9. Be3 Ng4 10. Bd2 f5 11. h3 Nf6 12. exf5 gxf5 13. g3 c6 14. Be3 cxd5 15. cxd5 Na6 16. Nh4 Nc5 17. g4 Nfe4 18. Nxe4 fxe4 19. Nf5 Bxf5 20. gxf5 b6 21. Qd2 Qh4 22. O-O-O Rxf5 23. Rhg1 Kh7 24. Rg4 Qf6 25. Rdg1 Ra7 26. Kb1 Rf7 27. h4 Rf4 28. h5 Bf8 29. Qc2 Rg7 30. Rg6 Rxg6 31. Rxg6 Qf7 32. Qd1 Rf6 33. Rg4 Rf5 34. Rg6 Rf6 35. Rg4 Rf5 36. Rg6 1/2-1/2

[Event "Xtracon Open 2019"]
[Site "Helsingor"]
[Date "2019.07.23"]
[Round "5.9"]
[White "Jogstad, Martin"]
[Black "Sonis, Francesco"]
[Result "1-0"]
[WhiteElo "2259"]
[BlackElo "2498"]
[Annotator "ChessBase"]
[PlyCount "51"]
[EventDate "2019.07.19"]
[EventType "swiss"]
[EventCountry "DEN"]
[SourceTitle "playchess.com"]
[Source "ChessBase"]
[SourceQuality "1"]

1. d4 Nf6 2. c4 e6 3. g3 d5 4. Nf3 Bb4+ 5. Bd2 Be7 6. Bg2 O-O 7. O-O c6 8. Qc2 b6 9. Rd1 Ba6 10. b3 Nbd7 11. Bc1 Rc8 12. Bb2 c5 13. Nc3 dxc4 14. d5 exd5 15. Nxd5 Nxd5 16. Rxd5 Bb7 17. Rd2 Qc7 18. bxc4 Rcd8 19. Rad1 Nf6 20. Ng5 g6 21. Qc3 Rxd2 22. Rxd2 Rd8 23. Bd5 Rd6 24. Ne4 Re6 25. Bxe6 Bxe4 26. Rd7 1-0

[Event "Xtracon Open 2019"]
[Site "Helsingor"]
[Date "2019.07.23"]
[Round "5.9"]
[White "Rolvag, Mikael"]
[Black "Taksrud, Vidar"]
[Result "1/2-1/2"]
[WhiteElo "2119"]
[BlackElo "1942"]
[Annotator "NA"]
[PlyCount "56"]
[EventDate "2019.07.19"]
[EventType "swiss"]
[EventCountry "DEN"]
[SourceTitle "playchess.com"]
[Source "ChessBase"]
[SourceQuality "1"]

1. e4 d5 2. exd5 Nf6 3. c4 c6 4. d4 cxd5 5. Nc3 Nc6 6. Bg5 e6 7. Nf3 Bb4 8. Bd3 dxc4 9. Bxc4 h6 10. Be3 O-O 11. O-O a6 12. Rc1 Ne7 13. Ne5 Bxc3 14. bxc3 Ned5 15. Bd3 b5 16. a4 Bb7 17. axb5 axb5 18. Qe2 b4 19. c4 Nxe3 20. fxe3 b3 21. Rb1 Ra2 22. Rb2 Qa5 23. c5 Be4 24. Rfb1 Bxd3 25. Nxd3 Qc3 26. Qd1 Rxb2 27. Rxb2 Rb8 28. Qd2 Qxd2 1/2-1/2

[Event "Xtracon Open 2019"]
[Site "Helsingor"]
[Date "2019.07.23"]
[Round "5.9"]
[White "Machlik, Monika"]
[Black "Maze, Sebastien"]
[Result "1/2-1/2"]
[WhiteElo "2083"]
[BlackElo "2565"]
[Annotator "ChessBase"]
[PlyCount "84"]
[EventDate "2019.07.19"]
[EventType "swiss"]
[EventCountry "DEN"]
[SourceTitle "playchess.com"]
[Source "ChessBase"]
[SourceQuality "1"]

1. d4 Nf6 2. c4 g6 3. Nc3 Bg7 4. Nf3 O-O 5. g3 d6 6. Bg2 Nc6 7. O-O Bf5 8. d5 Na5 9. Nd2 c5 10. e4 Bd7 11. Qc2 a6 12. b3 e5 13. Bb2 Ng4 14. Rae1 b5 15. f3 Nh6 16. Nd1 f5 17. f4 bxc4 18. bxc4 exf4 19. Bxg7 Kxg7 20. gxf4 fxe4 21. Nxe4 Nf5 22. Qc3+ Kg8 23. Ne3 Rb8 24. Nxf5 Bxf5 25. Ng5 Rb4 26. Ne6 Qf6 27. Qa3 Nxc4 28. Qxa6 Rfb8 29. a3 R4b5 30. Kh1 Bd3 31. Rg1 Qh4 32. Qc6 R5b6 33. Qd7 R6b7 34. Qc6 Qf6 35. Nxc5 Na5 36. Qa4 dxc5 37. Qxa5 c4 38. d6 Rd7 39. Qd5+ Kh8 40. Re6 Qxf4 41. Rge1 Rf8 42. Qc6 Rdd8 1/2-1/2

[Event "Xtracon Open 2019"]
[Site "Helsingor"]
[Date "2019.07.23"]
[Round "5.10"]
[White "Kollars, Dmitrij"]
[Black "Antonsen, Mikkel"]
[Result "1/2-1/2"]
[WhiteElo "2581"]
[BlackElo "2400"]
[Annotator "ChessBase"]
[PlyCount "46"]
[EventDate "2019.07.19"]
[EventType "swiss"]
[EventCountry "DEN"]
[SourceTitle "playchess.com"]
[Source "ChessBase"]
[SourceQuality "1"]

1. e4 e5 2. Nf3 Nf6 3. d4 Nxe4 4. Bd3 d5 5. Nxe5 Nd7 6. Nxd7 Bxd7 7. O-O Bd6 8. Nc3 Nxc3 9. bxc3 O-O 10. Qh5 f5 11. Re1 c6 12. Bg5 Qc7 13. Re3 g6 14. Qh4 f4 15. Rf3 Rae8 16. Rf1 b5 17. g3 Bf5 18. Bxf4 Bxd3 19. Bxd6 Qxd6 20. Rxf8+ Qxf8 21. cxd3 Qf5 22. Kg2 Qxd3 23. Qf4 Qe4+ 1/2-1/2

[Event "Xtracon Open 2019"]
[Site "Helsingor"]
[Date "2019.07.23"]
[Round "5.10"]
[White "Jorgensen, Brian Jorgen"]
[Black "Hector, Jonny"]
[Result "0-1"]
[WhiteElo "2251"]
[BlackElo "2487"]
[Annotator "ChessBase"]
[PlyCount "60"]
[EventDate "2019.07.19"]
[EventType "swiss"]
[EventCountry "DEN"]
[SourceTitle "playchess.com"]
[Source "ChessBase"]
[SourceQuality "1"]

1. c4 e5 2. Nc3 Bb4 3. Nd5 Be7 4. d4 d6 5. Nf3 e4 6. Nd2 f5 7. Nb1 c6 8. Nxe7 Nxe7 9. Nc3 Be6 10. e3 d5 11. b3 O-O 12. Be2 Nd7 13. cxd5 cxd5 14. a4 Rc8 15. Qd2 a6 16. O-O Rf6 17. Ba3 Rh6 18. g3 Nc6 19. f4 exf3 20. Bxf3 Nf6 21. Rf2 Na5 22. Rb1 Bf7 23. Bb4 Nc6 24. Ba3 Qd7 25. b4 Nd8 26. Be2 Rxc3 27. Qxc3 Ne4 28. Qc2 Nxf2 29. Kxf2 f4 30. g4 Bg6 0-1

[Event "Xtracon Open 2019"]
[Site "Helsingor"]
[Date "2019.07.23"]
[Round "5.10"]
[White "Liabotro, Ola"]
[Black "Sawatzki, Frank"]
[Result "0-1"]
[WhiteElo "2081"]
[BlackElo "2385"]
[Annotator "NA"]
[PlyCount "46"]
[EventDate "2019.07.19"]
[EventType "swiss"]
[EventCountry "DEN"]
[SourceTitle "playchess.com"]
[Source "ChessBase"]
[SourceQuality "1"]

1. e4 c5 2. Nf3 Nc6 3. d4 cxd4 4. Nxd4 e6 5. Nc3 Qc7 6. Be3 a6 7. Qd2 Nf6 8. O-O-O Be7 9. f3 b5 10. Bf4 Ne5 11. Nb3 O-O 12. Kb1 d6 13. Qf2 Bd7 14. g4 b4 15. Ne2 a5 16. g5 Rfc8 17. Ng3 Ne8 18. Bc1 a4 19. Nd4 b3 20. cxb3 axb3 21. a3 d5 22. f4 Bc5 23. fxe5 Bxd4 0-1

[Event "Xtracon Open 2019"]
[Site "Helsingor"]
[Date "2019.07.23"]
[Round "5.10"]
[White "Rempe, Jonas"]
[Black "Klings, Peter"]
[Result "0-1"]
[WhiteElo "1839"]
[BlackElo "2105"]
[Annotator "NA"]
[PlyCount "54"]
[EventDate "2019.07.19"]
[EventType "swiss"]
[EventCountry "DEN"]
[SourceTitle "playchess.com"]
[Source "ChessBase"]
[SourceQuality "1"]

1. e4 c5 2. Nf3 g6 3. d4 cxd4 4. Nxd4 Bg7 5. Nc3 Nc6 6. Be3 Nf6 7. Bc4 O-O 8. Bb3 Re8 9. f3 d5 10. exd5 Nb4 11. O-O Nbxd5 12. Nxd5 Nxd5 13. Bxd5 Qxd5 14. c3 e5 15. Qb3 Qd8 16. Nb5 Be6 17. c4 b6 18. Rfd1 Qe7 19. Nd6 Red8 20. Qa3 e4 21. Rac1 exf3 22. g3 Bg4 23. Kf2 Qe5 24. Rc2 Qh5 25. h4 Be6 26. Bf4 h6 27. Qxf3 Bg4 0-1

[Event "Xtracon Open 2019"]
[Site "Helsingor"]
[Date "2019.07.23"]
[Round "5.11"]
[White "Cramling, Pia"]
[Black "Rosenkilde, Alexander"]
[Result "1/2-1/2"]
[WhiteElo "2479"]
[BlackElo "2255"]
[Annotator "ChessBase"]
[PlyCount "181"]
[EventDate "2019.07.19"]
[EventType "swiss"]
[EventCountry "DEN"]
[SourceTitle "playchess.com"]
[Source "ChessBase"]
[SourceQuality "1"]

1. Nf3 Nf6 2. c4 e6 3. Nc3 Bb4 4. Qc2 O-O 5. a3 Bxc3 6. Qxc3 a5 7. b3 d6 8. g3 b6 9. Bg2 Bb7 10. Bb2 Nbd7 11. O-O c5 12. Rad1 Qc7 13. d3 Rfd8 14. e4 e5 15. Nh4 Nb8 16. Bh3 Nc6 17. Qd2 Bc8 18. Bxc8 Raxc8 19. f4 Ne8 20. Rf2 f6 21. Rdf1 Qd7 22. f5 Nd4 23. Bxd4 cxd4 24. a4 Nc7 25. Rg2 Na6 26. g4 Rf8 27. Kh1 Rc7 28. g5 Qd8 29. Nf3 Nc5 30. Qd1 Kh8 31. Rfg1 Qe8 32. Nh4 Kg8 33. Rg3 Ra7 34. Rh3 Rb7 35. Nf3 Qd8 36. Rg4 g6 37. fxg6 hxg6 38. Rgh4 Rg7 39. gxf6 Qxf6 40. Ng5 Qxg5 41. Rh8+ Kf7 42. Rf3+ Ke7 43. Rhxf8 Ne6 44. Rb8 Nf4 45. Rg3 Qh4 46. Rxb6 Rh7 47. Rb7+ Kf6 48. Rxh7 Qxh7 49. Kg1 Qb7 50. h4 Qb4 51. Rf3 Ke7 52. Kf2 Qc3 53. Kg3 Nh5+ 54. Kg4 Qb2 55. Qf1 Qh2 56. Kg5 Nf4 57. Rxf4 exf4 58. Qxf4 Qg1+ 59. Qg4 Qe3+ 60. Kxg6 Qxd3 61. h5 Qf1 62. Qg5+ Ke8 63. Qb5+ Ke7 64. Qb7+ Ke8 65. Qb8+ Ke7 66. Qa7+ Ke6 67. Qxd4 Qf7+ 68. Kg5 Qg8+ 69. Kf4 Qf7+ 70. Ke3 Qf1 71. Qd5+ Ke7 72. Qg5+ Ke8 73. Qg6+ Ke7 74. Qg5+ Ke8 75. Qb5+ Ke7 76. Qxa5 Qg1+ 77. Kf3 Qh1+ 78. Kg4 Qxe4+ 79. Kg5 Qe3+ 80. Kg4 Qe4+ 81. Kg3 Qe3+ 82. Kg2 Qe2+ 83. Kg1 Qe3+ 84. Kf1 Qf3+ 85. Ke1 Qe3+ 86. Kd1 Qxb3+ 87. Kd2 Qb2+ 88. Ke3 Qb3+ 89. Kd4 Qd1+ 90. Ke3 Qd4+ 91. Kxd4 1/2-1/2